000 01129cam a2200265 a 4500
001 3537
005 20241216113100.0
020 _a9780545292818
040 _aDLC
_cDLC
_dDLC
_beng
050 0 0 _aE221.S725
082 0 0 _a973.3
100 1 _aGeorge, Judith ST
_d1931-
245 1 4 _aThe journey of the one and only declaration of independence /
_cJudith St. George ; illustrated by Will Hillenbrand
250 _aFirst Scholastic printing, September 2010
260 _aNew York :
_bScholastic ,
_c2005
300 _a43 pages :
_bcolor illustrations ;
_c24 cm .
505 _aU
520 _aIn 1776 Thomas Jefferson put his quill to paper and the Declaration of Independence sprang to life. Follow the Declaration's journey over the next two centuries, surviving eight wars and travelling through five states on horseback, boat, railcar, and tank to its current home in the National Archives.
521 _a820
_bLexile AD
521 _aU
_bRaz-Plus
650 _aRevolutionary War
_vNon-fiction
700 1 _aHillenbrand, Will
906 _a7
_bcbc
_corignew
_d1
_eecip
_f20
_gy-gencatlg
942 _2ddc
_cBK
_n0
999 _c3537
_d3537